Catálogo

Historia de la iglesia / (Registro nro. 41894)

Detalles MARC
000 -LEADER
fixed length control field 01241nam a2200337 i 4500
001 - CONTROL NUMBER
control field 41894
003 - CONTROL NUMBER IDENTIFIER
control field Mx-PuUPA
005 - DATE AND TIME OF LATEST TRANSACTION
control field 20250922122131.0
008 - FIXED-LENGTH DATA ELEMENTS--GENERAL INFORMATION
fixed length control field 140415s1972 sp gr 001 0 spa d
017 ## - COPYRIGHT OR LEGAL DEPOSIT NUMBER
Copyright or legal deposit number B. 12452-60
040 ## - CATALOGING SOURCE
Transcribing agency Mx-PuUPA
Original cataloging agency Mx-PuUPA
Language of cataloging spa
Modifying agency Mx-PuUPA
Description conventions rda
041 1# - LANGUAGE CODE
Language code of text/sound track or separate title spa
Language code of original ger
100 1# - MAIN ENTRY--PERSONAL NAME
Personal name Hertling, Ludwig,
Titles and words associated with a name Freiherr von,
Dates associated with a name 1892-
9 (RLIN) 17452
Relator term autor
240 10 - UNIFORM TITLE
Uniform title Geschichte der katholischen Kirche.
Language of a work Español
245 10 - TITLE STATEMENT
Title Historia de la iglesia /
Statement of responsibility, etc. Ludwig Hertling ; traducción castellana de Eduardo Valentí
250 ## - EDITION STATEMENT
Edition statement Cuarta edición /
Remainder of edition statement ampliada
264 #1 - PRODUCTION, PUBLICATION, DISTRIBUTION, MANUFACTURE, AND COPYRIGHT NOTICE
Place of production, publication, distribution, manufacture Barcelona, España :
Name of producer, publisher, distributor, manufacturer Editorial Herder,
Date of production, publication, distribution, manufacture, or copyright notice 1972
300 ## - PHYSICAL DESCRIPTION
Extent 572 páginas ;
Dimensions 22 cm
336 ## - CONTENT TYPE
Fuente rdacontent
Content type term texto
Content type code txt
337 ## - MEDIA TYPE
Source rdamedia
Media type term sin medio
Media type code n
338 ## - CARRIER TYPE
Source rdacarrier
Carrier type term volumen
Carrier type code nc
490 0# - SERIES STATEMENT
Series statement Biblioteca Herder
490 0# - SERIES STATEMENT
Series statement Sección de Historia ;
Volume/sequential designation 41
650 #7 - SUBJECT ADDED ENTRY--TOPICAL TERM
Source of heading or term armarc
Topical term or geographic name entry element Iglesia
General subdivision Historia
700 1# - ADDED ENTRY--PERSONAL NAME
Personal name Valentí, Eduardo,
Relator term autor
765 0# - ORIGINAL LANGUAGE ENTRY
Main entry heading Hertling, Ludwig
Place, publisher, and date of publication Berlín : Morus-Verlag, 1967
Title Geschichte der katholischen Kirche
942 ## - ADDED ENTRY ELEMENTS (KOHA)
Source of classification or shelving scheme Dewey Decimal Classification
Koha item type Libro
Classification part 270
Item part H5318
Existencias
Withdrawn status Lost status Source of classification or shelving scheme Damaged status Not for loan Collection code Home library Current library Shelving location Date acquired Source of acquisition Cost, normal purchase price Total Checkouts Full call number Barcode Date last seen Cost, replacement price Price effective from Koha item type
    Dewey Decimal Classification     General Biblioteca Karol Wojtyla Biblioteca Karol Wojtyla Sala general 03/12/2013 Donación 0.00   270 H5318 1972 63182 05/01/2026 0.00 03/12/2013 Libro